Szczegóły MARC21

Geography in the face of modern world challenges /

003 -Nazwa inst., której nr kontr. jest w polu 001 [,]
    • @
    • Nazwa instytucji, której n kontrolny jest w polu 001
    • NUKAT
005 -DATA I CZAS OSTATNIEJ MODYFIKACJI [,]
    • @
    • pole kontrolne
    • 20241231091346.0
020 -Międzynarod. znormalizowany nr książki - ISBN [ , ]
    • a
    • Numer ISBN
    • 9788365705006 Find
040 -Instytucja sporządzająca opis [ , ]
    • a
    • Instytucja, która sporządziła opis (NP)
    • OLSZT 003/DS
    • c
    • Instytucja, która sporządziła rekord (NP)
    • OLSZT 003/DSs
    • d
    • Instytucja, która zmodyfikowała rekord (P)
    • OLSZT 003/ISO
    • d
    • Instytucja, która zmodyfikowała rekord (P)
    • GD U/DCs
    • d
    • Instytucja, która zmodyfikowała rekord (P)
    • Ł U/APs
942 -Rodzaj dokumentu [ , ]
    • c
    • Rodzaj dokumentu
    • Książka
245 -Strefa tytułu i oznaczenia odpowiedzialności [0,0]
    • a
    • Tytuł
    • Geography in the face of modern world challenges / Find
    • c
    • Pozostałe elementy strefy tytułu i oznaczenia odpowiedzialności (NP)
    • [editors Grażyna Chaberek-Karwacka, Mirosława Malinowska].
260 -Strefa adresu wydawniczego [ , ]
    • a
    • Miejsce wydania (P)
    • Kraków :
    • b
    • Nazwa wydawcy (P)
    • Wydawnictwo LIBRON,
    • c
    • Data wydania (P)
    • cop. 2016.
300 -Strefa opisu fizycznego [ , ]
    • a
    • Określenie formy książki i/lub objętość (NP)
    • 289, [1] s. :
    • b
    • Oznaczenie ilustracji (NP)
    • il. (w tym kolor.) ;
    • c
    • Format (NP)
    • 23 cm.
336 -Typ zawartości [ , ]
    • a
    • Termin opisujący typ zawartości
    • Tekst
    • b
    • Kod określający zawartość
    • txt
    • 2
    • Źródło (terminu i kodu)
    • rdacontent
337 -Typ mediów [ , ]
    • a
    • Tryb odtwarzania
    • Bez urządzenia pośredniczącego
    • b
    • Kod typu mediów
    • n
    • 2
    • Źródło (terminu i kodu)
    • rdamedia
338 -Typ/rodzaj nośnika [ , ]
    • a
    • Hasło opisujące typ nośnika
    • Wolumin
    • b
    • Kod typu nośnika
    • nc
    • 2
    • Źródło (terminu i kodu)
    • rdacarrier
500 -Uwaga ogólna [ , ]
    • a
    • Uwaga ogólna (NP)
    • Materiały konf.
504 -Uwaga dot. bibliogr. załącznikowej [ , ]
    • a
    • Uwaga dot. bibliografii załącznikowej
    • Bibliogr. przy rozdz.
650 -Hasło przedmiotowe [ ,7]
    • a
    • Hasło przedmiotowe
    • Geografia
    • x
    • Określnik rzeczowy
    • metodologia
    • v
    • Określnik formalny
    • konferencje.
    • 2
    • Źródło terminu
    • kaba
    • 9
    • KHW
    • 410373
650 -Hasło przedmiotowe [ ,7]
    • a
    • Hasło przedmiotowe
    • Percepcja geograficzna
    • v
    • Określnik formalny
    • konferencje.
    • 2
    • Źródło terminu
    • kaba
    • 9
    • KHW
    • 410372
650 -Hasło przedmiotowe [ ,7]
    • a
    • Hasło przedmiotowe
    • Geografia
    • z
    • Określnik geograficzny
    • Polska
    • v
    • Określnik formalny
    • konferencje.
    • 2
    • Źródło terminu
    • kaba
    • 9
    • KHW
    • 410371
650 -Hasło przedmiotowe [ ,7]
    • a
    • Hasło przedmiotowe
    • Hydrologia
    • z
    • Określnik geograficzny
    • Polska
    • v
    • Określnik formalny
    • konferencje.
    • 2
    • Źródło terminu
    • kaba
    • 9
    • KHW
    • 384529
700 -Hasło dodatkowe - nazwa osobowa [1, ]
    • a
    • Nazwa osobowa (NP)
    • Chaberek-Karwacka, Grażyna. Find
    • e
    • Określenie rodzaju współpracy
    • Red.
    • 9
    • KHW
    • 410308
700 -Hasło dodatkowe - nazwa osobowa [1, ]
    • a
    • Nazwa osobowa (NP)
    • Malinowska, Mirosława Find
    • d
    • Daty biograficzne (NP)
    • (1968- ).
    • e
    • Określenie rodzaju współpracy
    • Red.
    • 9
    • KHW
    • 410307
710 -Hasło dodatkowe - nazwa ciała zbiorowego [2, ]
    • a
    • Nazwa ciała zbiorowego lub nazwa geograficzna jako pierwszy element (NP)
    • Wydawnictwo LIBRON.
    • 4
    • Kod relacji
    • pbl
    • 9
    • KHW
    • 70039
920 -ISBN [ , ]
    • a
    • ISBN
    • 978-83-65705-00-6 Find
Data inwentaryzacji Lokalizacja Status udost. Numer inwentarzowy
2017-03-23BG1Z.122254